| 000 | 01075nam a22002057a 4500 | ||
|---|---|---|---|
| 999 |
_c59568 _d59568 |
||
| 003 | Ge_BSU | ||
| 005 | 20230316154010.0 | ||
| 008 | 230316s2009 ge ||||| |||| 00| 0 geo d | ||
| 020 | _a9789941404740 | ||
| 041 | _ageo | ||
| 080 | _a327 რ–81 | ||
| 100 |
_aრონდელი, ალექსანდრე. _91936 |
||
| 245 |
_aპატარა ქვეყანა საერთაშორისო სისტემაში : _b[მონოგრაფია] / _cალექსანდრე რონდელი ; [რედ. ზურაბ დავითაშვილი]. |
||
| 264 |
_aთბილისი : _b[ნეკერი], _c2009. |
||
| 300 |
_a312გვ. ; _b20სმ. |
||
| 504 | _aბიბლიოგრ. ტექსტ. შენიშვნ. | ||
| 653 | _aსამხრეთ კავკასიის საერთაშორისო ურთიერთობები | ||
| 653 | _aსაქართველოს საერთაშორისო ურთიერთობები | ||
| 942 |
_2udc _cBK |
||